000
00208 a2200097 4500
001
13361
100
_a
Raymond, R
245
_a
Black star in the wind
260
_a
London
_b
Macgibbon
_c
090
_c
10377
_d
10377
942
_a
NUST-CAE
_c
M
_c
422
999
_c
248434
_d
248434